The Life of John Lennon - Statistics

General Stats
  • This quiz has been taken 68 times
  • The average score is 15 of 20
Answer Stats
Hint Answer % Correct
City John Lennon was born in Liverpool
100%
Band that made him internationally famous The Beatles
98%
His primary songwriting partner in the band Paul McCartney
97%
His second wife, believed by some to have contributed to the breakup of the band he was in Yoko Ono
97%
Year he was born 1940
93%
He asks listeners to imagine a world without borders, possessions, and religion in this song. Imagine
90%
Julian Lennon
90%
City he was assassinated in New York City
85%
He strongly opposed this war Vietnam War
85%
Name of his two sons Sean Lennon
82%
Band that was the precursor to the above The Quarrymen
75%
His assassin Mark David Chapman
72%
His first wife Cynthia Lennon
70%
Lennon was famously refused entry to the U.S. at one point because of his activism. Which U.S. president was in office at the time? Richard Nixon
64%
His aunt, who raised him during much of his childhood Mimi Smith
59%
The instrument he first learnt to play as a child Piano
56%
This Lennon song was banned by some radio stations due to its anti-war message. Give Peace a Chance
44%
He campaigned for the legalisation of which illiicit drug in the 60s Marijuana
44%
The honour that he famously returned in 1969 due to the British government's involvement in the above war Member of the Order of the British Empire
34%
He thought of this song as his "first real major piece of work" In My Life
15%
No matching quizzes found
Score Distribution
Percent of People with Each Score
Percentile by Number Answered
Your Score History
You have not taken this quiz